Datum a čas kvízu
34
Celkem bodů
Celkový počet nahraných bodů na tomto kvízu bez doplňovacích otázek.
4.
Pořadí na kvízu
Konečné umístění týmu na tomto kvízu.
Zaznamenané odpovědi
| # | Otázka | Odpověď | Body | Výsledky |
|---|---|---|---|---|
| 1. | Polistopadový ministr vnitra a... | 1 | ||
| 2. | Parlament jedné země v úterý z... | 1 | ||
| 3. | Ještě nikdy ve své historii ne... | 1 | ||
| 4. | Obchodní řetězec Penny začal p... | 0 | ||
| 5. | Jak se jmenuje tým, který vyřa... | 0 | ||
| 6. | Také se Vám někdy stane, že v... | 1 | ||
| 7. | Okrajový; mezní; podružný, ned... | 0 | ||
| 8. | Vzpomeňte si na jednu dříve ho... | 1 | ||
| 9. | Pojmenujte česky slovo bilater... | 1 | ||
| 10. | Jaký je význam slova frigidní,... | 1 |